Geography Quiz

Random Geography or Asia Quiz
Score 0/20 Timer 05:00
2 Plays Today
Rank Island % Correct
12Taiwan
77.8%
10Sri Lanka
77.6%
5Java
66.7%
3Honshu
66.5%
1Borneo
65.2%
8Hokkaido
56.8%
2Sumatra
55.5%
6Luzon
39.3%
11Kyūshū
36.6%
4Sulawesi
33.2%
Rank Island % Correct
14Timor
31.4%
7Mindanao
27%
16Shikoku
26.2%
13Hainan
24.2%
9Sakhalin
23.5%
19Sumbawa
5.1%
17Halmahera
4.3%
18Seram
4%
20October Revolution Island
3.9%
15Kotelny
2.1%

You're not logged in!

Compare scores with friends on all Sporcle quizzes.
OR
Log In

Sporcle TV

Today on Sporcle TV


Watch our educational content, quiz creation guides, and fun videos on Sporcle TV.

Show Comments

Extras

Top Quizzes Today


Score Distribution

Paid Content

Your Account Isn't Verified!

In order to create a playlist on Sporcle, you need to verify the email address you used during registration. Go to your Sporcle Settings to finish the process.

Report this User

Report this user for behavior that violates our Community Guidelines.

Details: